Sách tra cứu rèn và dập khối; T1

Na minha lista:
Detalhes bibliográficos
Autor principal: M V Storojev
Formato: Livro
Idioma:Undetermined
Publicado em: Hà Nội KHKT 1983
Assuntos:
Tags: Adicionar Tag
Sem tags, seja o primeiro a adicionar uma tag!
Thư viện lưu trữ: Trung tâm Học liệu Trường Đại học Cần Thơ
LEADER 00503nam a2200181Ia 4500
001 CTU_11718
008 210402s9999 xx 000 0 und d
082 |a 671.332 
082 |b S884/T1 
100 |a M V Storojev 
245 0 |a Sách tra cứu rèn và dập khối; T1 
245 0 |c M V Storojev, Nguyễn Minh Vũ 
260 |a Hà Nội 
260 |b KHKT 
260 |c 1983 
650 |a forging 
904 |i Minh, 961101 
980 |a Trung tâm Học liệu Trường Đại học Cần Thơ